End Game - Taylor Swift Lyrics - Statistics

General Stats
  • This quiz has been taken 25 times
  • The average score is 325 of 500
Answer Stats
Answer % Correct
A
100%
a
100%
and
100%
be
100%
end
100%
game
100%
I
100%
i
100%
when
100%
you
100%
first
94%
go
94%
me
94%
string
94%
team
94%
your
94%
reputation
88%
the
88%
to
88%
wanna
88%
about
81%
big
81%
heard
81%
like
81%
oh
81%
on
81%
so
81%
got
75%
we
75%
ah
69%
bad
69%
do
69%
of
69%
it
63%
my
63%
some
63%
that
63%
they
63%
too
63%
but
56%
conversation
56%
dont
56%
for
56%
im
56%
love
56%
one
56%
reputations
56%
was
56%
all
50%
dope
50%
enemies
50%
just
50%
know
50%
ones
50%
over
50%
with
50%
young
50%
bang
44%
both
44%
cant
44%
crazy
44%
four
44%
fourth
44%
girl
44%
her
44%
is
44%
its
44%
july
44%
let
44%
overdose
44%
we'd
44%
where
44%
beach
38%
deep
38%
drama
38%
em
38%
forget
38%
handprints
38%
hit
38%
in
38%
knee
38%
life
38%
lips
38%
loves
38%
play
38%
precede
38%
red
38%
swear
38%
told
38%
truth
38%
what
38%
body
31%
bury
31%
chips
31%
couldnt
31%
drinkin
31%
ex
31%
from
31%
knew
31%
miss
31%
most
31%
need
31%
other
31%
protect
31%
rumors
31%
say
31%
see
31%
shoulders
31%
soul
31%
tricks
31%
tryna
31%
were
31%
would
31%
yeah
31%
after
25%
aint
25%
another
25%
argue
25%
born
25%
call
25%
endgame
25%
eyes
25%
girls
25%
gold
25%
good
25%
heres
25%
hurt
25%
ive
25%
long
25%
older
25%
precedes
25%
put
25%
something
25%
storm
25%
tip
25%
touch
25%
tried
25%
are
19%
bit
19%
bluff
19%
cause
19%
even
19%
flaws
19%
hatchets
19%
keep
19%
little
19%
maps
19%
type
19%
usual
19%
words
19%
away
13%
beautiful
13%
been
13%
believe
13%
boat
13%
boy
13%
callin
13%
down
13%
ease
13%
easier
13%
ghost
13%
ignore
13%
i'll
13%
insecurities
13%
issues
13%
persona
13%
side
13%
song
13%
sprung
13%
thats
13%
this
13%
tounge
13%
understand
13%
up
13%
way
13%
whippin
13%
youve
13%
come
6%
days
6%
deny
6%
fun
6%
hard
6%
hold
6%
made
6%
never
6%
not
6%
paranoia
6%
reconnected
6%
toast
6%
whenever
6%
choices
0%
Gc5
0%
ils
0%
I wanna
0%
liquor
0%
our
0%
past
0%
stokes
0%
traits
0%
you like
0%
No matching quizzes found
Score Distribution
Percent of People with Each Score
Percentile by Number Answered
Your Score History
You have not taken this quiz